000
00340 a2200157 4500
001
59670
020
_a
8516037762
040
_c
Anchieta - Pituba
240
1
0
_a
Ciências
_l
por
245
1
0
_a
Ciências
300
_a
193
362
0
_a
2005
440
1
_a
Moderna
650
4
_a
BIOLOGIA, CIÊNICAS DA VIDA (CIÊNCIAS NATURAIS)
942
_c
BK
999
_c
59670
_d
59670